| 000 | 01066nam a22003137a 4500 | ||
|---|---|---|---|
| 003 | CHAP | ||
| 005 | 20220329134436.0 | ||
| 008 | 971013s1981 r 00010 d | ||
| 010 | _a20556 | ||
| 011 | _a21528 | ||
| 035 | _a25618 | ||
| 040 | _cCHAP | ||
| 090 | _aTesis | ||
| 100 | 0 | 0 |
_aDomínguez Estrada, José Francisco. _933802 |
| 245 | _aEstudio para probar si la inmunidad suplementaria interfiere o no, con la respuesta a las vacunación contra el cólera porcino | ||
| 260 |
_aMéxico, D.F. : _bEl autor, _c1981 |
||
| 300 | _a17 h. | ||
| 502 | _aTesis (Médico Veterinario Zootecnista) -- UNAM. Fac. de Medicina Veterinari y Zootecnia | ||
| 590 |
_aALEPH _b10 _c20130110 _lUCH01 _h1244 |
||
| 590 |
_aBATCH-UPD _b10 _c20130110 _lUCH01 _h1404 |
||
| 590 |
_aBATCH-UPD _b10 _c20130410 _lUCH01 _h0854 |
||
| 590 |
_aBATCH-UPD _b10 _c20130914 _lUCH01 _h1055 |
||
| 590 |
_aCONVERSION _b10 _c20130109 _lUCH01 _h1312 |
||
| 650 | 1 | 4 |
_aCólera porcino. _927725 |
| 650 | 1 | 4 |
_aVacunas. _9117179 |
| 901 | _aBK | ||
| 942 | _cTESIS | ||
| 949 |
_bBC _cTES _d-59020 _eTS1 _i25618 _si |
||
| 999 |
_c20556 _d20556 |
||